000 00581nam a22001817a 4500
999 _c184382
_d184382
005 20220418171722.0
010 _aENG-131245
020 _a978-93-89137-81-1
_c1280.00
035 _aEN-114777
037 _bDBAD
082 _a327.5405491
100 _aSeethi, K.M.
245 _aEnduring Dilemma:
_bFlashpoints in Kashmir and India-Pakistan Relations/
_cK.M. Seethi
260 _aNew Delhi
_bKW Publishers Pvt Ltd
_c2021
270 _bNew Delhi
_a4676/21, First Floor, Ansari Road
_e110002
300 _a274p.
_c23cm(hbk)
942 _2ddc
_cEN
_h327.5405491
_mSEE